Normal view
MARC view
Entry Personal Name
001 - CONTROL NUMBER
- control field: 15734
003 - CONTROL NUMBER IDENTIFIER
- control field: OSt
005 - DATE AND TIME OF LATEST TRANSACTION
- control field: 20220217114910.0
008 - FIXED-LENGTH DATA ELEMENTS
- fixed length control field: 220217|| aca||aabn | a|a d
040 ## - CATALOGING SOURCE
- Original cataloging agency: OSt
- Transcribing agency: OSt
100 ## - HEADING--PERSONAL NAME
- Personal name: Lal, Rattan
670 ## - SOURCE DATA FOUND
- Source citation: Work cat.: (OSt): Lal, Rattan, Encyclopedia of soil science, , C 2006
